Why Answers to Everything (Record no. 11596)

MARC details
000 -LEADER
fixed length control field 00269nam a22000977a 4500
008 - FIXED-LENGTH DATA ELEMENTS--GENERAL INFORMATION
fixed length control field 190805b ||||| |||| 00| 0 eng d
020 ## - INTERNATIONAL STANDARD BOOK NUMBER
International Standard Book Number 9788192088822
100 ## - MAIN ENTRY--PERSONAL NAME
Personal name Boyer Crispin
9 (RLIN) 7305
245 ## - TITLE STATEMENT
Title Why Answers to Everything
260 ## - PUBLICATION, DISTRIBUTION, ETC. (IMPRINT)
Place of publication, distribution, etc. New Delhi
Name of publisher, distributor, etc. National Geographic
Date of publication, distribution, etc. 2018
Holdings
Withdrawn status Lost status Source of classification or shelving scheme Damaged status Koha normalized classification for sorting Not for loan Home library Current library Shelving location Date acquired Total Checkouts Full call number Barcode Date last seen Price effective from Koha item type
    Dewey Decimal Classification   500_000000000000000   Good Samaritan School Library Good Samaritan School Library Science 08/05/2019   500 BOY15497 08/05/2019 08/05/2019 BOOK
    Dewey Decimal Classification   500_000000000000000   Good Samaritan School Library Good Samaritan School Library Science 08/05/2019   500 BOY15498 08/05/2019 08/05/2019 BOOK
    Dewey Decimal Classification   500_000000000000000   Good Samaritan School Library Good Samaritan School Library Science 08/05/2019   500 BOY15499 08/05/2019 08/05/2019 BOOK
    Dewey Decimal Classification   500_000000000000000   Good Samaritan School Library Good Samaritan School Library Science 08/05/2019   500 BOY15500 08/05/2019 08/05/2019 BOOK
    Dewey Decimal Classification   500_000000000000000   Good Samaritan School Library Good Samaritan School Library Science 08/05/2019   500 BOY15501 08/05/2019 08/05/2019 BOOK
    Dewey Decimal Classification   500_000000000000000   Good Samaritan School Library Good Samaritan School Library Science 08/05/2019   500 BOY15502 08/05/2019 08/05/2019 BOOK
    Dewey Decimal Classification   500_000000000000000   Good Samaritan School Library Good Samaritan School Library Science 08/05/2019   500 BOY15503 08/05/2019 08/05/2019 BOOK

Powered by Koha